| 000 | 00712 a2200205 4500 | ||
|---|---|---|---|
| 020 | _a9780470294413 | ||
| 020 | _a9780470553114 (pbk.) | ||
| 020 | _a0470553111 (pbk.) | ||
| 040 |
_aDLC _bDLC |
||
| 245 | 0 | 0 |
_aOrganizational behavior _cJohn R. Schermerhorn |
| 250 | _a11th ed., International student version. | ||
| 260 |
_aHoboken, N.J. : _bWiley, _cc2011. |
||
| 300 |
_axxiii, 438, [206] p. : _bcol. ill. ; _c26 cm. |
||
| 500 | _aPrevious eds. entered under Schermerhorn. | ||
| 500 | _aIncludes The OB skills workbook; featuring the Jossey-Bass/Pfeiffer classroom collection. | ||
| 650 | 0 | _aOrganizational behavior. | |
| 650 | 0 | _aManagement. | |
| 700 | 1 | _aSchermerhorn, John R. | |
| 942 |
_cBK _k658.3 SCH _2ddc |
||
| 999 |
_c10672 _d10672 |
||